Tilastot visalle Rajat silloilla ja tunneleissa

Klikkaa tästä pelataksesi tätä visaa!

Yleistilastot

  • Tätä visaa on pelattu 563 kertaa
  • Keskiarvotulos 5 / 8

Vastaustilastot

Silta tai tunneliValtio% Oikein
Juutinrauman siltaRuotsi
98%
Juutinrauman siltaTanska
98%
Kanaalin tunneliRanska
92%
Kanaalin tunneliYhdistynyt kuningaskunta
92%
Kuningas Fahdin pengertieSaudi-Arabia
50%
Kuningas Fahdin pengertieBahrain
46%
Johorin pengertieMalesia
36%
Johorin pengertieSingapore
36%

Tulosjakauma

Persentiili vastausten määrän mukaan

Jokaisen tuloksen saaneiden osuus

Tuloshistoriasi

Et ole pelannut tätä visaa